Quality control and industrial statistics

שמור ב:
מידע ביבליוגרפי
מחבר ראשי: Duncan, Acheson Johnston, n. 1904
פורמט: ספר
שפה:English
יצא לאור: Homewood, Illinois : Richard D. Irwin, 1986
מהדורה:fifth
תגים: הוספת תג
אין תגיות, היה/י הראשונ/ה לתייג את הרשומה!

MARC

LEADER 00000nam a2200000Ia 4500
003 002478
005 20221231143952.0
008 140114s1986 ilua 000 ||eng d
040 |c cru CEDI 
082 |a 658.562 D911q 
100 |a Duncan, Acheson Johnston, n. 1904  |9 21337 
245 |a Quality control and industrial statistics 
250 |a fifth 
260 |a Homewood, Illinois : Richard D. Irwin,  |c  1986 
300 |a xxii, 1123 páginas :ilustraciones 
654 |x  CONTROL DE CALIDAD 
942 |2 ddc  |c BK 
999 |c 14948  |d 14948